| 000 | 01022 a2200205 4500 | ||
|---|---|---|---|
| 003 | Nust | ||
| 005 | 20221230093739.0 | ||
| 010 | _a 90002090 | ||
| 020 | _a0080358292 | ||
| 040 | _cNust | ||
| 082 | 0 | 0 | _a623.73,DEV |
| 100 | 1 |
_aDevereux, Tony. _9106465 |
|
| 245 | 1 | 0 |
_aMessenger Gods of battle : _bradio, radar, sonar, the story of electronics in war / _cTony Devereux. |
| 250 | _a1st ed. | ||
| 260 |
_aLondon ; _aWashington : _bBrassey's (UK), _c1991. |
||
| 300 |
_axx, 322 p. : _bill. ; _c24 cm. |
||
| 505 | _aHistorical Questions (Page-1), Battleground (Page-12), The Passing of the Spark (Page-23), The Coming of HF (Page-32), Radio Resolution (Page-41), Revolution Upon Revolution (Page-72), The Challenger of Radar (Page-98), Radio Versus Radar (Page-116), Reversal of Roles (Page-139), Climax (Page-164), Sonar Versus Radar and Radio (Page-187), Transformation (Page-222), New Frontiers (Page-251), Dominance (Page-269). | ||
| 650 | 0 |
_aElectronics in military engineering _xHistory. _9106375 |
|
| 942 |
_2ddc _cBK |
||
| 999 |
_c183586 _d183586 |
||